Countries With The Highest Internet Speed - Statistics

General Stats
  • This quiz has been taken 902 times
  • The average score is 40 of 50
Answer Stats
Mbps Country % Correct
179.9 United States
98%
104.9 United Kingdom
97%
196.5 Canada
96%
189.0 Japan
95%
137.3 Germany
94%
217.6 South Korea
94%
201.5 Spain
94%
212.5 China
93%
214.0 France
93%
178.7 Sweden
93%
170.6 Norway
92%
135.2 Finland
91%
93.9 Italy
91%
162.6 Portugal
90%
232.1 Switzerland
90%
122.5 Ireland
89%
203.9 Netherlands
89%
107.5 Russia
89%
254.3 Denmark
88%
127.1 Belgium
87%
174.9 Luxembourg
87%
168.2 Poland
87%
261.8 Singapore
85%
135.1 Brazil
83%
171.4 New Zealand
83%
94.6 Estonia
81%
101.7 Argentina
80%
210.5 Liechtenstein
80%
115.7 San Marino
80%
255.7 Monaco
79%
204.8 United Arab Emirates
79%
172.0 Andorra
78%
136.6 Latvia
78%
147.0 Lithuania
77%
121.4 Slovenia
76%
229.9 Chile
75%
165.0 Israel
75%
95.9 Saudi Arabia
75%
113.8 Slovakia
75%
162.5 Taiwan
75%
183.8 Hungary
74%
115.1 Qatar
73%
227.8 Romania
72%
144.0 Malta
65%
152.0 Kuwait
60%
225.1 Thailand
60%
113.7 Uruguay
57%
159.7 Panama
48%
103.5 Costa Rica
41%
110.0 Barbados
15%
No matching quizzes found
Score Distribution
Percent of People with Each Score
Percentile by Number Answered
Your Score History
You have not taken this quiz